| 000 | 00917nam a22002057a 4500 | ||
|---|---|---|---|
| 999 |
_c3443 _d3443 |
||
| 003 | AR-CdUCM | ||
| 008 | 190306b ||||| |||| 00| 0 spa d | ||
| 040 |
_aMUNICIPALIDAD PROVINCIAL DEL CUSCO _cBIBLIOTECA MUNICIPAL DEL CUSCO |
||
| 082 |
_211ed. _a465 / _bP953 |
||
| 100 |
_aPrimitivo, Sanmartí _911351 |
||
| 245 | _aCompendio de la gramática castellana / | ||
| 260 |
_aLima : _bImprenta de san Pedro, _c1900. |
||
| 300 |
_a499 paginas , _c16 cm. |
||
| 505 | _aDe la prosodia en general -- Signos y sonidos , vocales escala orgánica gradual consonantes aspiradas -- División de las silabas, denominación de las palabras según su numero de silabas -- Silabas largas y breves -- Diferencia entre el sustantivo y el adjetivo -- Conjugación del verbo... | ||
| 650 |
_aGramatica _99175 |
||
| 650 |
_aFonemas y morfemas _911352 |
||
| 650 |
_aSustantivos y verbos _911353 |
||
| 942 |
_2ddc _cLIBROS |
||
| 945 | _awnts | ||